Suburbs of Brisbane with a Map - Statistics

General Stats
  • This quiz has been taken 3,278 times
  • The average score is 72 of 190
Answers on the Map
Answers color-coded by a green-red scale on the quiz's map according to % correct below.
 
Answer Stats
Answer % Correct
South Brisbane
74%
Fortitude Valley
73%
Chermside
69%
Indooroopilly
68%
West End
67%
Mount Gravatt
65%
Toowong
65%
Brisbane City
63%
Sunnybank
62%
Wynnum
62%
New Farm
61%
St Lucia
61%
Milton
60%
Manly
58%
Woolloongabba
58%
Hamilton
57%
The Gap
57%
Bulimba
56%
Kangaroo Point
55%
Oxley
54%
Paddington
54%
Brisbane Airport
52%
Carindale
52%
Yeronga
52%
Auchenflower
51%
Inala
51%
Ashgrove
50%
Coorparoo
50%
Ferny Grove
50%
Kedron
50%
Kelvin Grove
50%
Spring Hill
50%
Ascot
49%
Bowen Hills
49%
East Brisbane
49%
Morningside
49%
Nudgee
49%
Annerley
48%
Aspley
48%
Kenmore
48%
Taringa
48%
Albion
47%
Enoggera
47%
Nundah
47%
Port of Brisbane
47%
Mount Coot-tha
46%
Red Hill
46%
Sandgate
46%
Carina
45%
Darra
45%
Dutton Park
45%
Eagle Farm
45%
Graceville
45%
Newstead
45%
Windsor
45%
Bardon
44%
Eight Mile Plains
44%
Greenslopes
44%
Highgate Hill
44%
Holland Park
44%
Stafford
44%
Sunnybank Hills
44%
Chelmer
43%
Jindalee
43%
Moorooka
43%
Newmarket
43%
Zillmere
43%
Camp Hill
42%
Cannon Hill
42%
Clayfield
42%
Fig Tree Pocket
42%
Forest Lake
42%
Pinkenba
42%
Acacia Ridge
41%
Teneriffe
41%
Upper Mount Gravatt
41%
Boondall
40%
Corinda
40%
Everton Park
40%
Hawthorne
40%
Herston
40%
Sherwood
40%
Yeerongpilly
40%
Bracken Ridge
39%
Hendra
39%
Lutwyche
39%
Mitchelton
39%
Northgate
39%
Chermside West
38%
Fairfield
38%
Moggill
38%
Mount Gravatt East
38%
Rocklea
38%
Tarragindi
38%
Alderley
37%
Carseldine
37%
Wacol
37%
Wilston
37%
Brookfield
36%
Chapel Hill
36%
Shorncliffe
36%
Wynnum West
36%
Banyo
35%
Holland Park West
35%
Norman Park
35%
Rochedale
35%
Virginia
35%
Calamvale
34%
Grange
34%
Mount Ommaney
34%
Nathan
34%
Petrie Terrace
34%
Salisbury
34%
Tennyson
34%
Tingalpa
34%
Coopers Plains
33%
Lota
33%
Manly West
33%
Murarrie
33%
Nudgee Beach
33%
Stones Corner
33%
Bald Hills
32%
Balmoral
32%
Brighton
32%
Richlands
32%
Runcorn
32%
Algester
31%
Archerfield
31%
Chandler
31%
Lytton
31%
Macgregor
31%
Pullenvale
31%
Upper Kedron
31%
Bridgeman Downs
30%
Carina Heights
30%
Deagon
30%
Mansfield
30%
Stafford Heights
30%
Wooloowin
30%
Gaythorne
29%
Kenmore Hills
29%
Keperra
29%
Seventeen Mile Rocks
29%
Bellbowrie
28%
Seven Hills
28%
Wavell Heights
28%
Wishart
28%
Geebung
27%
Hemmant
27%
Belmont
26%
Durack
26%
Upper Brookfield
26%
Parkinson
25%
Sinnamon Park
25%
Stretton
25%
Taigum
25%
Kuraby
24%
Gordon Park
23%
Gumdale
23%
Mount Crosby
23%
Robertson
23%
Doolandella
22%
Fitzgibbon
22%
McDowall
22%
Middle Park
22%
Pallara
22%
Westlake
22%
Anstead
21%
Ellen Grove
21%
Enoggera Reservoir
21%
Jamboree Heights
21%
Kalinga
21%
Lake Manchester
21%
Pinjarra Hills
21%
Sumner
21%
Heathwood
20%
Kholo
20%
Burbank
19%
Karana Downs
19%
Riverhills
19%
Mackenzie
18%
Wakerley
18%
Willawong
18%
Chuwar
17%
Drewvale
17%
England Creek
17%
Ransome
16%
Banks Creek
15%
Karawatha
15%
Larapinta
14%
No matching quizzes found
Score Distribution
Percent of People with Each Score
Percentile by Number Answered
Your Score History
You have not taken this quiz